Rivendicazioni territoriali in Antartide - Statistics

Statistiche generali
  • Questo quiz è stato fatto 46 volte
  • Il punteggio medio è 7 su 7
Statistiche sulle risposte
Continente Nazione % Corretto
Europa Francia
100%
America del Sud Argentina
97%
Oceania Australia
97%
America del Sud Cile
97%
Oceania Nuova Zelanda
97%
Europa Regno Unito
97%
Europa Norvegia
92%
Nessun quiz corrispondente trovato
Distribuzione punteggi
Percentuale di utenti per punteggio
Percentile per numero di risposta
I tuoi punteggi nel tempo
Non hai fatto questo quiz